| 000 | 01024nam a22002651 4500 | ||
|---|---|---|---|
| 001 | 27231 | ||
| 003 | BD-RjUL | ||
| 005 | 20211209051129.0 | ||
| 008 | 140324s1966 ii ab b 000 0 eng d | ||
| 035 | _a(BD-RjUL)27303 | ||
| 040 |
_aBD-RjUL _beng _cBD-RjUL _dBD-RjUL |
||
| 041 | _aeng | ||
| 082 |
_a954.16 _bACH 1966 |
||
| 100 | 1 |
_aAcharyya, N. N. _q(Nagendra Nath) _983560 |
|
| 245 | 1 | 4 |
_aThe history of medieval Assam, from the thirteenth to the seventeenth century : _ba critical and comprehensive history of Assam during the first four centuries of Ahom rule, based on original Assamese sources, available both in India and England / _c[by] N. N. Acharyya |
| 250 | _a1st ed. | ||
| 260 |
_aGauhati : _bDutta Baruah, _c1966 |
||
| 300 |
_axiv, 308 p : _billus., map (on lining paper) ; _c23 cm |
||
| 500 | _aBased on the author's thesis, University of London | ||
| 504 | _aBibliography: p. [281]-287 | ||
| 651 | 0 |
_aAssam (India) _xHistory _983066 |
|
| 942 |
_2ddc _cBK |
||
| 999 |
_c27231 _d27231 |
||